Brand to country - Statistics

General Stats
  • This quiz has been taken 46 times
  • The average score is 11 of 15
Answer Stats
Brand name Country % Correct
Sony Japan
98%
Hyundai South Korea
93%
Yahoo! United States
88%
Nokia Finland
86%
Ikea Sweden
86%
Puma Germany
84%
Nestlé Switzerland
84%
Corona Extra Mexico
74%
Michelin France
72%
Lenovo China
67%
Lukoil Russia
58%
Bombardier Canada
51%
Red Bull Austria
49%
Chupa Chups Spain
47%
Vodacom South Africa
28%
No matching quizzes found
Score Distribution
Percent of People with Each Score
Percentile by Number Answered
Your Score History
You have not taken this quiz